Statistics for Premier League Transfers 23/24

Click here to take the quiz!

General Stats

  • This quiz has been taken 189 times
  • The average score is 50 of 96

Answer Stats

FromToFeeNationAnswer% Correct
West HamArsenal116MEnglandDeclan Rice
98%
ChelseaMan United64MEnglandMason Mount
97%
RB LeipzigMan City90MCroatiaJosko Gvardiol
96%
ChelseaArsenal75MGermanyKai Havertz
96%
BrightonChelsea133MEcuadorMoises Caicedo
95%
RB LeipzigLiverpool70MHungaryDominik Szoboszlai
94%
AtalantaMan United75MDenmarkRasmus Hojlund
93%
MilanNewcastle64MItalySandro Tonali
91%
InterMan United51MCameroonAndre Onana
89%
Stade RennaisMan City60MBelgiumJeremy Doku
89%
BrightonLiverpool42MArgentinaAlexis Mac Allister
88%
WolvesMan City62MPortugalMatheus Nunes
88%
Leicester CitySpurs46MEnglandJames Maddison
87%
RB LeipzigChelsea60MFranceChristopher Nkunku
85%
AjaxWest Ham43MGhanaMohammed Kudus
85%
SouthamptonChelsea62MBelgiumRomeo Lavia
85%
Man CityChelsea47MEnglandCole Palmer
83%
AjaxArsenal40MNetherlandsJurrien Timber
83%
WolfsburgSpurs40MNetherlandsMicky van de Ven
83%
LeverkusenAston Villa55MFranceMoussa Diaby
83%
BayernLiverpool40MNetherlandsRyan Gravenberch
83%
ChelseaMan City30MCroatiaMateo Kovacic
80%
VillarrealChelsea37MSenegalNicolas Jackson
80%
LeicesterNewcastle44MEnglandHarvey Barnes
77%
NottinghamSpurs55MWalesBrennan Johnson
76%
AjaxWest Ham38MMexicoEdson Alvarez
76%
MonacoChelsea45MFranceAxel Disasi
74%
SouthamptonWest Ham34MEnglandJames Ward-Prowse
74%
VillarrealAston Villa33MSpainPau Torres
74%
WatfordBrighton34MBrazilJoao Pedro
72%
StuttgartLiverpool19MJapanWataru Endo
67%
BrightonChelsea23MSpainRobert Sanchez
66%
LeedsBournemouth26MUSATyler Adams
62%
SouthamptonNewcastle37MEnglandTino Livramento
59%
EvertonFulham25MNigeriaAlex Iwobi
57%
UdineseEverton25MPortugalBeto
57%
PSVNottingham30MIvory CoastIbrahim Sangare
57%
FiorentinaMan UnitedLOAN+10MMoroccoSofyan Amrabat
57%
BrentfordArsenalLOAN+3MSpainDavid Raya
56%
WolvesBrentford26MIrelandNathan Collins
52%
Man UnitedNottingham17MSwedenAnthony Elanga
50%
AjaxFulham22MNigeriaCalvin Bassey
50%
StuttgartWest Ham20MGreeceKostas Mavropanos
47%
ArsenalNottingham8MUSAMatt Turner
47%
GalatasarayAston VillaLOAN+5MItalyNicolo Zaniolo
47%
BarcelonaBrightonLOANSpainAnsu Fati
44%
WolvesFulham6MMexicoRaul Jimenez
44%
Bristol CityBournemouth23MEnglandAlex Scott
43%
LiverpoolBrightonFREEEnglandJames Milner
43%
Man CityBurnley18MEnglandJames Trafford
43%
SpursMan UnitedLOANSpainSergio Reguilon
43%
Leicester CityAston VillaFREEBelgiumYouri Tielemans
43%
BarcelonaAston VillaLOANFranceClement Lenglet
42%
Aston VillaSheffield Utd21MEnglandCameron Archer
41%
VillarrealEvertonLOAN+4MNetherlandsArnaut Danjuma
40%
AnderlechtBrighton20MNetherlandsBart Verbruggen
40%
DortmundBrightonFREEGermanyMahmoud Dahoud
40%
AZBournemouth18MHungaryMilos Kerkez
40%
LeicesterFulham13MBelgiumTimothy Castagne
40%
WolvesFulhamFREESpainAdama Traore
35%
RomaBournemouth11MNetherlandsJustin Kluivert
35%
Stade RennaisChelsea27MFranceLesley Ugochukwu
35%
FreiburgBrentford13MNetherlandsMark Flekken
35%
EvertonBrentfordLOANFranceNeal Maupay
35%
Sheffield UtdBurnley13MNorwaySander Berge
35%
AtleticoWolvesFREEIrelandMatt Doherty
34%
Man UnitedCrystal Palace17MEnglandDean Henderson
33%
ChelseaNewcastleLOANEnglandLewis Hall
33%
LilleBrighton27MCameroonCarlos Baleba
32%
BournemouthCrystal PalaceFREEColombiaJefferson Lerma
32%
ArsenalLuton TownLOANBelgiumAlbert Lokonga
31%
SevillaNottinghamLOANArgentinaGonzalo Montiel
31%
FiorentinaBrighton17MBrazilIgor
31%
NorwichBournemouth8MEnglandMax Aarons
31%
ArsenalNottinghamLOAN+1MPortugalNuno Tavares
31%
LeedsBournemouthLOANColombiaLuis Sinisterra
30%
ArsenalCrystal Palace1MEnglandRob Holding
29%
CoventrySheffield Utd17MNetherlandsGustavo Hamer
28%
LeedsEvertonLOANEnglandJack Harrison
28%
BirminghamLuton Town4MNetherlandsTahith Chong
28%
Aston VillaBurnley16MEnglandAaron Ramsey
27%
BenficaNottingham9MGreeceOdysseas Vlachodimos
26%
Rosario CentralSpurs15MArgentinaAlejo Veliz
25%
FenerbahceMan United5MTurkeyAltay Bayindir
25%
MilanNottinghamLOANBelgiumDivock Origi
24%
InterBournemouthLOANRomaniaIonut Radu
24%
BolognaNottingham10MArgentinaNicolas Dominguez
24%
NiceLuton TownFREEEnglandRoss Barkley
24%
ArsenalSheffield Utd5MUSAAaron Trusty
22%
ChelseaNottingham3MEnglandCallum Hudson-Odoi
20%
SportingEverton12MPortugalYoussef Chermiti
20%
Man CitySheffield UtdLOANEnglandJames McAtee
19%
MilanFulhamLOANSenegalFode Ballo-Toure
18%
BesiktasBurnleyFREEEnglandNathan Redmond
16%
GironaWolves12MUruguaySantiago Bueno
13%
FlamengoCrystal Palace20MBrazilMatheus Franco
3%

Score Distribution

Percentile by Number Answered

Percent of People with Each Score

Your Score History

You have not taken this quiz